Quizzes
Events
Quiz Creation
Community
Videos
Private Events
Remove Ads
Sign In
Join for FREE
Feedback
Dark Mode
Quiz Categories
Sports
Geography
Music
Movies
Television
Just For Fun
Miscellaneous
History
Literature
Language
Science
Gaming
Entertainment
Religion
Holiday
For Kids
Quiz Lab
Recent
Popular Today
Quiz Kudos Today
Editor Picks
Curator Picks
Quizzes by...
Day
Popularity
Type
Ratings
Length
Year
Community
Subscriptions
Recent Discussions
Orange Saloon
Badges
Playlists
Quests
Create
Leaderboards
Showdown
Live 5
Trivia Bingo
Activity
Puzzle Library
Sporcle Events
Private Events
Virtual Trivia
Globe League
Become a Host
Pub Owners
SporcleCon
Opinionation
Our Games
Videos
Blog
Mobile Apps
Partnerships
Remove Ads and Go Orange
Feedback
Just For Fun
Clickable
Get the Picture
Humor
Quick Pick
Word Ladder
Missing Word
Mixed Word
Blitz
Minefield
This or That
Alphabet
Color
Typing
Sporcle
Puzzle
Word Play
Follow That Line
Logic
Just For Fun
Clickable
Get the Picture
Humor
Quick Pick
Word Ladder
Missing Word
Mixed Word
Blitz
Minefield
This or That
Alphabet
Color
Typing
Sporcle
Puzzle
Word Play
Follow That Line
Logic
Random Quiz
Search Sporcle
×
Quiz Lab
Quiz Lab
Just For Fun
Country
Type in answers that appear in a list
Type in answers that appear in a list
Classic
Best Score? Go Orange.
Formula one calendar 2009 Stats
Can you name the countries that were hosting the formula one 2009?
By
JT007
2m
17 Questions
97 Plays
97 Plays
97 Plays
Comments
Comments
Give Quiz Kudos
Give Quiz Kudos
-
- Ratings
hide this ad
Forced Order
Answers have to be entered in order
Answers have to be entered in order
Random Order
Randomize order of answers
Randomize order of answers
Replay
Link that replays current quiz
Next Quiz
Link to next quiz in quiz playlist
You Got
0%
They Got
Avg Score
87%
Avg Friend Score
Upgrade to see
Score Distribution
Jump to the score distribution portion of the page
Score
0/17
Timer
02:00
0
Plays Today
Tracks they were racing
% Correct
Shanghai
China
99%
Melbourne
Australia
95.9%
Istanbul
Turkey
94.8%
Suzuka
Japan
93.8%
Sao Paulo
Brazil
93.8%
Monte Carlo
Monaco
92.8%
Singapore
Singapore
91.8%
Budapest
Hungary
90.7%
Valencia
Spain
90.7%
Tracks they were racing
% Correct
Nurburgring
Germany
89.7%
Monza
Italy
89.7%
Silverstone
UK
88.7%
Kuala Lumpur
Malaysia
85.6%
Catalunya
Spain
83.5%
Spa Francorchamps
Belgium
76.3%
Yas Marina
UAE
62.9%
Sakhir
Bahrain
60.8%
Quiz Playlist
Details
Report
Send in Message
Add To Playlist
Classic:
Type in answers that appear in a list
Forced Order:
Answers have to be entered in order
Random Order:
Randomize order of answers
Last Updated: Feb 16, 2017
Quiz Scoreboard
CHALLENGE
Sign Up to Join the Scoreboard
Show All
Scores
Hide
Comments
May contain spoilers
Recently Published
Billboard Blitz: Fleetwood Mac
by CooCooCachoo
Music
15s
Presidents Visiting Landmarks
by Hejman
History
7m
An Introduction to Baseball
by treessimontrees
Sports
5m
More to Explore
Quiz From the Vault
Featured Blog Post
Where Did the Easter Bunny Come From?
hide this ad
You Might Also Like...
Tags
Country Quiz
2009
calendar
formula
host
Racing
track
Today's Top Quizzes in Just For Fun
Browse Just For Fun
hide this ad
Today's Top Quizzes in Country
Browse Country
Top Contributed Quizzes in Just For Fun
1
Killer Double Trees 224 - Colour Match-Up
2
Crossword Whiteout! 49
3
Spring Typing Challenge
4
Zeroing In: Just For Fun
5
Harry Potter Logic - 'In Chains' II
6
Kyle's 122nd Triple Trees
7
Word Ladder: Ahoy Matey
8
Survivor Winners Logic Puzzle
9
Word Ladder: Wilderness Weapon
10
Edinburgh Fringe jokes 2015
Explore More
Trending Topics
Disney
Marvel
Anime
Kpop
Crossword
NBA
Harry Potter
Pokémon
Country
Puzzle
NFL
Song
WWE
The Office
Soccer
hide this ad
More By:
JT007
Quiz
Plays
Rating
Category
Featured
Created
'N' Countries
279,777
4.49
Geography
Feb 1, 2010
Mixed Word: Countries to Capital
53,912
4.26
Just For Fun
Mar 1, 2010
can you name the car by manufacturer 2
1,569
1.67
Just For Fun
Nov 6, 2009
Countries that these cars were first built
946
3.00
Just For Fun
Nov 8, 2009
Car manufacturers
899
4.50
Just For Fun
Nov 21, 2009
Go to Creator's Profile
Score Distribution
Quiz Creator Spotlight
JT007
Follow
Send a Message
Quizzes Created
-
Created Quiz Play Count
-
More By This Creator
Popular Quizzes Today
1
Find the US States - No Outlines Minefield
2
Find the Countries of Europe - No Outlines Minefield
3
The Countries of the World
4
Find the US States
5
US States
6
Risky Map Clicking: Biggest States A-Z
7
Popular People in 1961
8
Movies - When Are They Set?
More Just For Fun Quizzes
Word Ladder: Baby Beast Baseball
Published
Trending Quizzes
Risky Map Clicking: Least Populous States A-Z
1-10 Letter G Words
1-10 Letter F Words
Risky Map Clicking: Next State Alphabetically
Risky Map Clicking: Biggest States A-Z
Recently Updated
Leaping Animals
pecheneg
Reality TV Shows (A-Z)
bhenderson79
Rickey Henderson's Hall of Fame Teammates
pecheneg
Champions League XIs: Arsenal
pecheneg
Quick Pick: Celebrities in WWE's Hall of Fame
aduchscher
A-Z Keypad Blitz II
pecheneg
Multiple Oscar Actors
pecheneg
Mystery Phrase Blitz: Oscar 'Best Actors'
pecheneg
F. Scott Fitzgerald Novels
LTH
Pick 3 Villains
ddd62291
Trending Topics
Marvel
NBA
Anime
Disney
Kpop
Harry Potter
Crossword
Country
Puzzle
Pokémon
The Office
WWE
NFL
Song
Soccer
Your Account Isn't Verified!
In order to create a playlist on Sporcle, you need to verify the email address you used during registration. Go to your
Sporcle Settings
to finish the process.
Report this User
Report this user for behavior that violates our
Community Guidelines
.
Details:
Send Report
Go to the Sporcle.com Mobile Site →
Comments